Impossible City to Country #1 - Statistics

General Stats
  • This quiz has been taken 103 times
  • The average score is 7 of 12
Answer Stats
City Country % Correct
Lhasa China
92%
Oaxaca Mexico
85%
Zaragoza Spain
83%
Mosul Iraq
81%
Cusco Peru
75%
Wilmington United States
72%
San Pedro Sula Honduras
57%
Mwanza Tanzania
49%
Teeswater Canada
45%
Kurnool India
32%
Maiduguri Nigeria
32%
Sarh Chad
19%
No matching quizzes found
Score Distribution
Percent of People with Each Score
Percentile by Number Answered
Your Score History
You have not taken this quiz